000 00270nam a2200109Ia 4500
008 230320s9999||||xx |||||||||||||| ||spa||
082 _a828.85/T45F
100 _aTackeray Makepeace, William
245 0 _aLa Feria De Las Variedades
260 _bAGUILAR
942 _80
_cLIB
999 _c31449
_d31449